| 000 | 01121 a2200229 4500 | ||
|---|---|---|---|
| 001 | 45047 | ||
| 005 | 20260407155725.0 | ||
| 008 | 260407a2005 arg spa d | ||
| 003 | AR-UNSa-BCEJYS | ||
| 040 |
_aAR-UNSa-BCEJYS _bspa _cAR-UNSa-BCEJYS |
||
| 080 |
_a331-053.2 _xTrabajo Infantil |
||
| 245 | 1 | 0 |
_aPrograma de información estadística y de seguimiento en materia de trabajo infantil (SIMPOC) _pmanual de análisis de datos e informes estadísticos sobre el trabajo infantil |
| 020 | _a92-2-315861-3 | ||
| 264 | 1 |
_aGinebra : _bOIT _c2005 |
|
| 300 |
_axi, 172 p. _c30 cm. |
||
| 505 | _a1. Actividades preliminares – 2. Anteproyecto del informe – 3. Redactar el informe nacional de una encuesta de trabajo infantil de seguimiento – 4 . Informes de otros tipos de encuestas del trabajo infantil – 5. Preparación, análisis y presentación de los datos . | ||
| 041 | _aspa | ||
| 942 | _cBK | ||
| 590 | _aniveau_biblio:m niveau_hierar:0 | ||
| 100 | 1 | _aOrganización Internacional del Trabajo (OIT) | |
| 856 | 4 | 1 |
_uhttps://www.biblioeco.unsa.edu.ar/pmb/images/libros/L127069.jpg _yImagen de portada _qimage/jpeg |
| 999 |
_c3898 _d3898 |
||